Statistics for South Park: Mountain Town - Lyrics

Click here to take the quiz!

General Stats

  • This quiz has been taken 19 times
  • The average score is 137 of 294

Answer Stats

Answer% Correct
I
93%
the
93%
The
93%
in
86%
S
86%
so
86%
U
86%
A
79%
a
79%
an
79%
and
79%
And
79%
is
79%
mountain
79%
snow
79%
to
79%
town!
79%
we
79%
he
71%
it
71%
of
71%
quiet
71%
birds
64%
grass
64%
green
64%
It's
64%
it's
64%
little
64%
this
64%
when
64%
white
64%
feet
57%
Just
57%
just
57%
me
57%
mean
57%
my
57%
redneck
57%
sky
57%
sun
57%
three
57%
under
57%
go
50%
on
50%
people
50%
shining
50%
some
50%
bunch
43%
by
43%
hard
43%
live
43%
low!
43%
morning
43%
Oh
43%
oh
43%
say...
43%
say!
43%
say
43%
Sunday
43%
There's
43%
wear
43%
went
43%
where
43%
you
43%
You
43%
another
36%
ass
36%
be
36%
brown
36%
deers
36%
even
36%
frown!
36%
happy
36%
hello
36%
perfect
36%
pure
36%
running
36%
stop
36%
though
36%
what
36%
What
36%
All
29%
but
29%
can
29%
day
29%
don't
29%
Don't
29%
earth
29%
kick
29%
know
29%
our
29%
see
29%
smile
29%
snows
29%
sweet
29%
sweet!
29%
trash
29%
us
29%
why
29%
with
29%
air
21%
are
21%
boys
21%
care
21%
child!
21%
crown!
21%
down
21%
glad
21%
god
21%
have
21%
heart
21%
he's
21%
homeless
21%
Jesus
21%
like
21%
mild
21%
movies
21%
parents
21%
picture
21%
podunk
21%
rich
21%
tender
21%
Thank
21%
thank
21%
that
21%
thorny
21%
time
21%
while
21%
wore
21%
your
21%
angel
14%
at
14%
breath
14%
'cause
14%
Philip
14%
drown!
14%
frail
14%
hanging
14%
quite
14%
sea
14%
smiles
14%
such
14%
teach
14%
tempreture's
14%
Terrance
14%
which
14%
bred
7%
city
7%
complete
7%
disgrace!
7%
everything
7%
fragile
7%
gets
7%
gonna
7%
i'm
7%
learn
7%
life's
7%
Look
7%
make
7%
mind
7%
moved
7%
Off
7%
open
7%
place
7%
really
7%
shall
7%
sure
7%
those
7%
we'd
7%
winters
7%
world
7%
lives
0%
Meshuggeneh
0%
right!
0%
rotten
0%
super
0%
that's
0%
That's
0%
ya
0%

Score Distribution

Percentile by Number Answered

Percent of People with Each Score

Your Score History

You have not taken this quiz